<?xml version="1.0" encoding="UTF-8"?>
<collection xmlns="http://www.loc.gov/MARC21/slim">
 <record>
  <leader>02026cam a2200373 a 4500</leader>
  <controlfield tag="001">000043996</controlfield>
  <controlfield tag="003">2165</controlfield>
  <controlfield tag="005">20060223095003.0</controlfield>
  <controlfield tag="008">010217b2005    vm            000   vie</controlfield>
  <datafield tag="040" ind1=" " ind2=" ">
   <subfield code="a">LRC</subfield>
   <subfield code="c">LRC</subfield>
   <subfield code="d">LRC</subfield>
  </datafield>
  <datafield tag="041" ind1="0" ind2=" ">
   <subfield code="a">vie</subfield>
  </datafield>
  <datafield tag="082" ind1="1" ind2="4">
   <subfield code="a">628.14</subfield>
   <subfield code="b">NG-T</subfield>
  </datafield>
  <datafield tag="100" ind1="1" ind2=" ">
   <subfield code="a">Nguyễn Quang Tuấn.</subfield>
  </datafield>
  <datafield tag="245" ind1="1" ind2="0">
   <subfield code="a">Nghiên cứu cải tạo và mở rộng hệ thống cấp nước thị xã Tam Kỳ - tỉnh Quảng Nam</subfield>
   <subfield code="h">[Thesis - Luận văn] /</subfield>
   <subfield code="c">Nguyễn Quang Tuấn thực hiện; Trần Cát hướng dẫn.</subfield>
  </datafield>
  <datafield tag="260" ind1=" " ind2=" ">
   <subfield code="a">Đà Nẵng :</subfield>
   <subfield code="b">Đại học Đà Nẵng,</subfield>
   <subfield code="c">2005.</subfield>
  </datafield>
  <datafield tag="300" ind1=" " ind2=" ">
   <subfield code="a">09, 108, 16 tr. :</subfield>
   <subfield code="b">mh. ;</subfield>
   <subfield code="c">29 cm +</subfield>
   <subfield code="e">01 tóm tắt.</subfield>
  </datafield>
  <datafield tag="520" ind1="3" ind2=" ">
   <subfield code="a">Tổng quan về hiện trạng điều kiện tự nhiên - dân sinh kinh tế của thị xã Tam Kỳ và định hướng phát triển kinh tế - xã hội của thị xã đến năm 2020; Hiện trạng hệ thống cấp nước thị xã Tam Kỳ và tổng hợp nhu cầu dùng nước đến năm 2020; Nghiên cứu phương án cải tạo, mở rộng hệ thống cấp nước thị xã Tam Kỳ; Nghiên cứu ứng dụng chương trình Epanet để tính toán mạng lưới cấp nước của khu vực đô thị đông Tam Kỳ - tỉnh Quảng Nam; Phân tích một số chỉ tiêu kinh tế của hệ thống.</subfield>
  </datafield>
  <datafield tag="630" ind1="0" ind2="4">
   <subfield code="a">Cấp nước.</subfield>
  </datafield>
  <datafield tag="650" ind1="0" ind2="4">
   <subfield code="a">Cấp nước</subfield>
   <subfield code="x">Hệ thống</subfield>
   <subfield code="z">Tam Kỳ.</subfield>
  </datafield>
  <datafield tag="650" ind1="0" ind2="4">
   <subfield code="a">EPANET.</subfield>
  </datafield>
  <datafield tag="700" ind1="1" ind2=" ">
   <subfield code="a">Trần Cát,</subfield>
   <subfield code="c">PGS.TS.,</subfield>
   <subfield code="e">hướng dẫn.</subfield>
  </datafield>
  <datafield tag="OWN" ind1=" " ind2=" ">
   <subfield code="a">DUT</subfield>
  </datafield>
  <datafield tag="AVA" ind1=" " ind2=" ">
   <subfield code="a">UDN50</subfield>
   <subfield code="b">DUT</subfield>
   <subfield code="c">Internal Resources</subfield>
   <subfield code="d">628.14 NG-T</subfield>
   <subfield code="e">available</subfield>
   <subfield code="t">Error 5001 Not defined in file expand_doc_bib_avail.</subfield>
   <subfield code="f">1</subfield>
   <subfield code="g">0</subfield>
   <subfield code="h">N</subfield>
   <subfield code="i">0</subfield>
   <subfield code="j">NS</subfield>
   <subfield code="k">1</subfield>
  </datafield>
  <datafield tag="999" ind1=" " ind2=" ">
   <subfield code="a">From the UDN01</subfield>
  </datafield>
  <datafield tag="AVA" ind1=" " ind2=" ">
   <subfield code="a">UDN50</subfield>
   <subfield code="b">DUT</subfield>
   <subfield code="c">Internal Resources</subfield>
   <subfield code="d">628.14 NG-T</subfield>
   <subfield code="e">available</subfield>
   <subfield code="t">Error 5001 Not defined in file expand_doc_bib_avail.</subfield>
   <subfield code="f">1</subfield>
   <subfield code="g">0</subfield>
   <subfield code="h">N</subfield>
   <subfield code="i">0</subfield>
   <subfield code="j">NS</subfield>
   <subfield code="k">1</subfield>
  </datafield>
  <datafield tag="TYP" ind1=" " ind2=" ">
   <subfield code="a">Mixed Materials</subfield>
  </datafield>
  <datafield tag="TYP" ind1=" " ind2=" ">
   <subfield code="a">Monograph</subfield>
  </datafield>
  <datafield tag="TYP" ind1=" " ind2=" ">
   <subfield code="a">Printed language</subfield>
  </datafield>
  <datafield tag="980" ind1=" " ind2=" ">
   <subfield code="a">Mạng thư viện Đại học Đà Nẵng</subfield>
  </datafield>
 </record>
</collection>
